01137nam a2200193Ia 4500001000900000003001000009008004100019040002500060041001300085100001200098245003100110250001100141260010200152300002700254500026000281501011400541520026000655650002800915L060-286IT-CnALBA170116s9999||||xx |||||||||||||| ||und|| aIT-CnALBAcIT-CnALBA aITALIANO aAA. VV. 0aACTA. ANNO VII. VOL. VII.  a1a ed. aVATICANObEX AEDIBUS ACADEMICIS IN CIVITATE VATIC'c1943 [1° Ed.:1943 - Ed.Ling.Originale: 1943] a27 p. (prefazione: 70) aPONTIFICIA ACADEMIA SCIENTIARUM. DISCORSI INAGURALI. CURVE ALGEBRICAMENTE NON ISOLATE SOPRA UNA RIGATA ALGEBRICA. CONOSCENZA DELLA STRUTTURA TOPOLOGICA DELLE SUPERFICIE ALGEBRICHE. STUDIO PALEONTOLOGICO SUL PITECANTROPO. PROBLEMA DEL SONNO DI ORIGINE CORT aSocietà San Paolo EM - Piazza San Paolo, 14 - 12051 ALBA (CN) (non commercial uses only) ® Copyright 2017 aPONTIFICIA ACADEMIA SCIENTIARUM. DISCORSI INAGURALI. CURVE ALGEBRICAMENTE NON ISOLATE SOPRA UNA RIGATA ALGEBRICA. CONOSCENZA DELLA STRUTTURA TOPOLOGICA DELLE SUPERFICIE ALGEBRICHE. STUDIO PALEONTOLOGICO SUL PITECANTROPO. PROBLEMA DEL SONNO DI ORIGINE CORT aORGANIZZAZIONI GENERALI